Statistics for Countries at the equator

Click here to take the quiz!

General Stats

  • This quiz has been taken 21 times
  • The average score is 10 of 13

Answer Stats

HintAnswer% Correct
BBrazil
94%
CColumbia
83%
KKenya
83%
CCongo
78%
EEcuador
78%
UUganda
78%
DDemocratic Republic of the Congo
72%
IIndonesia
72%
SSomalia
72%
GGabon
67%
SSao Tome & Principe
61%
KKiribati
56%
MMaldives
56%

Score Distribution

Percentile by Number Answered

Percent of People with Each Score

Your Score History

You have not taken this quiz